The nun's priest's tale / (Record no. 21178)
[ view plain ]
| 000 -LEADER | |
|---|---|
| fixed length control field | 00859nam a2200265 a 4500 |
| 001 - CONTROL NUMBER | |
| control field | 21178 |
| 003 - CONTROL NUMBER IDENTIFIER | |
| rucl marc code | BD-RjUL |
| 005 - DATE AND TIME OF LATEST TRANSACTION | |
| control field | 20211209000645.0 |
| 008 - FIXED-LENGTH DATA ELEMENTS--GENERAL INFORMATION | |
| fixed length control field | 140303r19651927enka b 000 1 eng c |
| 035 ## - SYSTEM CONTROL NUMBER | |
| System control number | (BD-RjUL)21242 |
| -- | (OCoLC)2070295 |
| 040 ## - CATALOGING SOURCE | |
| Original cataloging agency | Washington, D. C. Public Library |
| Transcribing agency | FHM |
| Modifying agency | BD-RjUL |
| Language of cataloging | eng |
| 041 ## - LANGUAGE CODE | |
| Language code of text/sound track or separate title | eng |
| 082 04 - DEWEY DECIMAL CLASSIFICATION NUMBER | |
| Classification number | 821.4 |
| Author mark and year | CHN 1965 |
| 100 1# - MAIN ENTRY--PERSONAL NAME | |
| Personal name | Chaucer, Geoffrey |
| Dates associated with a name | -1400. |
| 9 (RLIN) | 65451 |
| 245 14 - TITLE STATEMENT | |
| Title | The nun's priest's tale / |
| Statement of responsibility, etc. | Geoffrey Chaucer, edited by Kenneth Sisam |
| 246 ## - VARYING FORM OF TITLE | |
| Title proper/short title | Chaucer : |
| Remainder of title | the nun's priest's tale |
| 260 ## - PUBLICATION, DISTRIBUTION, ETC. (IMPRINT) | |
| Place of publication, distribution, etc. | Oxford : |
| Name of publisher, distributor, etc. | At the Clarendon Press, |
| Date of publication, distribution, etc. | 1927 [reprint 1965]. |
| 300 ## - PHYSICAL DESCRIPTION | |
| Pagination | (Various pageins.) : |
| Illustrations | ill. ; |
| Size | 19 cm |
| 504 ## - BIBLIOGRAPHY, ETC. NOTE | |
| Bibliography, etc | Include bibliography. |
| 600 1# - SUBJECT ADDED ENTRY--PERSONAL NAME | |
| Dates associated with a name | Chaucer, Geoffrey, |
| 700 1# - ADDED ENTRY--PERSONAL NAME | |
| Personal name | Sisam, Kenneth. |
| 942 ## - ADDED ENTRY ELEMENTS (KOHA) | |
| Source of classification or shelving scheme | Dewey Decimal Classification |
| Koha item type | Books |
| Lost status | Source of classification or shelving scheme | Damaged status | Not for loan | Collection code | Permanent Location | Current Location | Shelving location | Date acquired | Source of acquisition | Cost, normal purchase price | Total Checkouts | Full call number | Date last seen | Copy number | Koha item type |
|---|---|---|---|---|---|---|---|---|---|---|---|---|---|---|---|
| Dewey Decimal Classification | Non-fiction | Central Library, University of Rajshahi | Central Library, University of Rajshahi | 14/04/1967 | Zetlinger | 6.60 | 821.4 CHN 1965 | 03/03/2014 | C-15 | Books | |||||
| Dewey Decimal Classification | Non-fiction | Central Library, University of Rajshahi | Central Library, University of Rajshahi | 14/04/1967 | Zeitlinger | 6.60 | 821.4 CHN 1965 | 13/02/2020 | C-2 | Books | |||||
| Dewey Decimal Classification | Non-fiction | Central Library, University of Rajshahi | Central Library, University of Rajshahi | 04/09/1967 | Swets & Zeitlinger | 6.60 | 821.4 CHN 1965 | 13/02/2020 | C-3 | Books | |||||
| Dewey Decimal Classification | Non-fiction | Central Library, University of Rajshahi | Central Library, University of Rajshahi | 04/09/1967 | Swets & Zeitlinger | 6.60 | 821.4 CHN 1965 | 13/02/2020 | C-4 | Books | |||||
| Dewey Decimal Classification | Non-fiction | Central Library, University of Rajshahi | Central Library, University of Rajshahi | 14/04/1967 | Zeitlinger | 6.60 | 821.4 CHN 1965 | 13/02/2020 | C-5 | Books | |||||
| Dewey Decimal Classification | Non-fiction | Central Library, University of Rajshahi | Central Library, University of Rajshahi | 14/04/1967 | Zeitlinger | 6.60 | 821.4 CHN 1965 | 13/02/2020 | C-6 | Books | |||||
| Dewey Decimal Classification | Non-fiction | Central Library, University of Rajshahi | Central Library, University of Rajshahi | 14/04/1967 | Zeitlinger | 6.60 | 821.4 CHN 1965 | 13/02/2020 | C-7 | Books | |||||
| Dewey Decimal Classification | Non-fiction | Central Library, University of Rajshahi | Central Library, University of Rajshahi | 14/04/1967 | Zeitlinger | 6.60 | 821.4 CHN 1965 | 13/02/2020 | C-8 | Books | |||||
| Dewey Decimal Classification | Non-fiction | Central Library, University of Rajshahi | Central Library, University of Rajshahi | 14/04/1967 | Zeitlinger | 6.60 | 821.4 CHN 1965 | 13/02/2020 | C-9 | Books | |||||
| Dewey Decimal Classification | Non-fiction | Central Library, University of Rajshahi | Central Library, University of Rajshahi | 14/04/1967 | Zeitlinger | 6.60 | 821.4 CHN 1965 | 13/02/2020 | C-10 | Books | |||||
| Dewey Decimal Classification | Not For Loan | Non-fiction | Central Library, University of Rajshahi | Central Library, University of Rajshahi | Reading Room | 14/04/1967 | Zeitlinger | 6.60 | 821.4 CHN 1965 | 13/02/2020 | C-1 | Books |